000
00272nam a2200109Ia 4500
008
220204s9999 xx 000 0 und d
082
_a
066.01
_b
SMI
100
_a
Smith, J M
245
0
_a
Chemical engineering kinetics
260
_a
New York
_b
McGraw Hill
_c
1956
942
_c
BK
999
_c
20296
_d
20296